| 000 | 00767cam a2200229 a 4500 | ||
|---|---|---|---|
| 001 | e 10001048 | ||
| 003 | DLC | ||
| 005 | 20260227111153.0 | ||
| 008 | 990524s1880 fr 000 0 fre c | ||
| 010 | _ae 10001048 | ||
| 040 |
_aLibrary, U. S. Bur. of Education _cDLC _dDLC |
||
| 043 | _ae-fr--- | ||
| 050 | 0 | 0 |
_aLA691.7 _b.B68 1880 |
| 082 | 0 | 0 |
_a370/.944 _221 |
| 100 | 1 |
_aBouillier, Francisque, _d1813-1899. |
|
| 245 | 1 | 2 |
_aL'Université sous M. Ferry / _cpar Francisque Bouillier. |
| 260 |
_aParis : _bGaume, _c1880. |
||
| 300 |
_axii, 334 p. ; _c19 cm. |
||
| 500 | _a"Ce volume est composé d'articles qui ont été pub. dans la Revue de France et dans le Moniteur universel." | ||
| 650 | 0 |
_aEducation _zFrance _xHistory. |
|
| 700 | 1 |
_aFerry, Jules, _d1832-1893. |
|
| 999 |
_c18996 _d18996 |
||